000 00546nam a22001937a 4500
003 SGT
020 _a978597566537
082 _a616.85500
_bM16B
100 _aBOUTSEN, FRANK R.
245 _aMATLAB PRIMER FOR SPEECH-LANGUAGE PATHOLOGY AND AUDIOLOGY
250 _a1ST
260 _aSAN DIEGO
_bPLURAP PUB
_c2016
300 _a210
650 _aAUDIOLOGY
653 _aMATLAB PRIMER FOR SPEECH-LANGUAGE PATHOLOGY AND AUDIOLOGY
653 _aAPPLICATIONS OF MATALAB
653 _aCLINIC DATA MANAGEMENT AND ANALYSIS
942 _2ddc
_cBK
999 _c23662
_d23662